Statistics for Cartoon Animals

Click here to take the quiz!

General Stats

  • This quiz has been taken 1,456 times
    (1,441 since last reset)
  • The average score is 14 of 20

Answer Stats

HintAnswer% Correct
Yellow bear that likes honeyPooh Bear
94%
The flying elephantDumbo
89%
Mouse and cat that fightTom and Jerry
89%
Chubby panda that fightsKung fu Panda
88%
Fat orange catGarfield
86%
Baby Lion in The Lion KingSimba
83%
Small yellow bird that Sylvester eatsTweety
81%
Pink Starfish in SpongebobPatrick
80%
Skreks animal friendDonkey
78%
Charlie Brown's dogSnoopy
77%
Cat in ShrekPuss in Boots
76%
Blue alien in Hawaiian Disney Channel ShowStitch
74%
Big red dogClifford
69%
Fish that helps MarlinDory
59%
Dog that likes dog biscuits and investigatesScooby Doo
58%
Bambi's best friendThumper
57%
Pet in Phineas and Ferb showPerry the Platypus
56%
Aladdin monkeyAbu
53%
The three chipmunk brothersAlvin, Simon, and Theodore
52%
Rat that cooksRemy
34%

Score Distribution

Percentile by Number Answered

Percent of People with Each Score

Your Score History

You have not taken this quiz since the last reset